Migrácia v Európe v 2. polovici 20. storočia
Situácia pred 2. svetovou vojnou. Migračné trendy v Európe po 2. svetovej vojne. Migrácia v strednej Európe.
Na minha lista:
| Autor principal: | |
|---|---|
| Formato: | Capítulo de Livro |
| Idioma: | eslovaco |
| Assuntos: | |
| Tags: |
Sem tags, seja o primeiro a adicionar uma tag!
|
MARC
| LEADER | 00000naa$a2200000$$$4500 | ||
|---|---|---|---|
| 001 | 0230241 | ||
| 005 | 20240502073800.7 | ||
| 041 | 0 | |a slo | |
| 044 | |a SK | ||
| 245 | 1 | 0 | |a Migrácia v Európe v 2. polovici 20. storočia |c Radoslav Štefančík |
| 520 | |a Situácia pred 2. svetovou vojnou. Migračné trendy v Európe po 2. svetovej vojne. Migrácia v strednej Európe. | ||
| 610 | 2 | 0 | |a migrácia |
| 610 | 2 | 0 | |a politika migračná |
| 610 | 2 | 0 | |a história |
| 610 | 2 | 0 | |a hranice štátne |
| 610 | 2 | 0 | |a Európa |
| 100 | 1 | |a Štefančík, Radoslav, 1976- | |